People of the Day quiz - Statistics

General Stats
  • This quiz has been taken 9 times
    5 since last reset
  • The average score is 29 of 113
Answer Stats
Hint Answer % Correct
1 Dolly Parton
100%
20 Trevor Hornfec
100%
86 Allisa Pajari
80%
84 Janelle Pajari
80%
85 Jason Pajari
80%
21 Lawton gerlinger
80%
9 Sydney Pajari
80%
14 Abby Lee Miller
60%
3 Andrew Garfield
60%
80 Brian Quinn
60%
13 Carrie Krimm
60%
4 Damar Hamlin
60%
56 Emma Shearin
60%
39 Frida Kahlo
60%
25 Ice Spice
60%
49 Jack Siehl
60%
66 James Murr
60%
38 Jeff Siehl
60%
67 Mackenzie Ziegler
60%
18 MaryPat Siehl
60%
63 Max Boquot
60%
23 Michael Siehl
60%
87 Ringo Starr
60%
17 RuPaul
60%
59 Sal Vulcano
60%
41 Sam Mazuk
60%
52 Weird Al Yankovic
60%
65 Yo-yo Ma
60%
35 Angela Konkle
40%
28 Betty White
40%
108 Cameron Trenum
40%
7 Dee Bradley Baker
40%
45 Elton John
40%
51 George Washington
40%
105 Jack Black
40%
79 Jennifer Smith
40%
70 Jesus Christ
40%
27 Joe Burrow
40%
73 Joe Gatto
40%
82 Mary, mother of Jesus
40%
10 Thomas Jefferson
40%
104 A'ja Wilson
20%
58 Amy Schumer
20%
42 Becky Coffee
20%
78 Brooke Hyland
20%
72 Charlotte McGinley
20%
92 Cleopatra
20%
32 Crispus Attucks
20%
110 French Stewart
20%
111 Henry Clay
20%
100 Joan of Arc
20%
19 John Mulaney
20%
31 Kaden Pfennig
20%
101 Larry Bird
20%
2 Ludwik Lejzer Zamenhof
20%
46 Mareen Ruther
20%
16 Martin Luther King Jr.
20%
11 Nicki Minaj
20%
12 O. J. Simpson
20%
33 Oprah Winfrey
20%
76 Saint Patrick
20%
81 Sarah Flora
20%
93 Sarah Thornberry
20%
55 Tom Hanks
20%
34 Whoopi Goldberg
20%
68 Akira Kurosawa
0%
102 Anne Frank
0%
26 Billy Joel
0%
6 Bo Burnham
0%
29 Brennan Lee Mulligan
0%
47 Brett Cooper
0%
83 Cass Elliot
0%
75 Cathy Nesbitt-Stein
0%
94 Danny DeVito
0%
96 Debby Ryan
0%
61 Diana, Princess of Wales
0%
15 Diogenes
0%
109 Ellen DeGeneres
0%
97 Elvis Presley
0%
24 Felix Auger Aliassime
0%
44 Grace Kelly
0%
43 Gregg Russell
0%
107 Harriet Tubman
0%
103 Helen Keller
0%
53 Holly Hatcher-Frazier
0%
88 Jennifer Lawrence
0%
8 J. J. McCullough
0%
69 JK Simmons
0%
50 Karen Kavett
0%
99 Lance Armstrong
0%
106 Lauren Woolley
0%
112 Leo Colussi
0%
71 Leslie Ackerman
0%
54 Lizzo
0%
90 Matthew Perry
0%
48 Melody Hogue
0%
95 Nathan Fillion
0%
57 Neil deGrasse Tyson
0%
5 Pope Leo XIII
0%
60 Queen Elizabeth
0%
30 Roger Sherman
0%
89 Ron Clark
0%
77 Rosa Parks
0%
74 Sacagawea
0%
64 Scarlett Johansson
0%
36 Sergei Rachmaninoff
0%
37 Steve Glew
0%
91 Steve Harvey
0%
62 Susan B. Anthony
0%
113 Tell Williams
0%
98 Yogi Berra
0%
22 Zara Zahava
0%
40 Zendaya
0%
No matching quizzes found
Score Distribution
Percent of People with Each Score
Percentile by Number Answered
Your Score History
You have not taken this quiz since the last reset